000 00283nam a22001337a 4500
008 171030b xxu||||| |||| 00| 0 eng d
020 _a9780137151202
041 _aeng
080 _27TH
_a33
100 _a58
101 _aBUS
245 _aBUSINESS
_cGRIFFIN,R.W
942 _2udc
_cBK
999 _c36492
_d36492